[Event "RA-2017-0-00510"]
[Site "LSS email"]
[Date "2017.04.01"]
[Round "?"]
[White "Oliynyk, Valery"]
[Black "Jarabinsky, Martin"]
[Result "1/2-1/2"]
[WhiteElo "2349"]
[BlackElo "2244"]
[PlyCount "51"]
[EventDate "2017.03.06"]
[EventType "tourn (corr)"]
[EventRounds "6"]
[EventCountry "GER"]
[SourceTitle "Corr 2022"]
[Source "ChessBase"]
[SourceDate "2021.10.24"]
[SourceVersion "1"]
[SourceVersionDate "2021.10.24"]
[SourceQuality "1"]

1. e4 c6 2. d4 d5 3. exd5 cxd5 4. Nf3 Nf6 5. Ne5 Nc6 6. c3 e6 7. Nd2 Nxe5 8. dxe5 Nd7 9. Nf3 Qc7 10. Bf4 Nc5 11. Be2 Bd7 12. 0-0 Be7 13. Rc1 b5 14. Qd2 0-0 15. Nd4 Rfc8 16. Qe3 Qb6 17. Rc2 b4 18. c4 dxc4 19. Bxc4 Na4 20. Qd3 Qd8 21. Rd1 Qe8 22. Be3 Nb6 23. Ba6 Rxc2 24. Qxc2 Nd5 25. Bd2 Rb8 26. Bd3 1/2-1/2

[Event "RA-2017-0-00510"]
[Site "LSS email"]
[Date "2017.04.01"]
[Round "?"]
[White "Oliynyk, Valery"]
[Black "Willmann, Bernd"]
[Result "1/2-1/2"]
[WhiteElo "2349"]
[BlackElo "2292"]
[PlyCount "70"]
[EventDate "2017.03.06"]
[EventType "tourn (corr)"]
[EventRounds "6"]
[EventCountry "GER"]
[SourceTitle "Corr 2022"]
[Source "ChessBase"]
[SourceDate "2021.10.24"]
[SourceVersion "1"]
[SourceVersionDate "2021.10.24"]
[SourceQuality "1"]

1. e4 e5 2. Bc4 Nf6 3. d3 c6 4. Nf3 d5 5. Bb3 Bb4+ 6. Bd2 Bxd2+ 7. Nbxd2 a5 8. a4 Bg4 9. h3 Bxf3 10. Qxf3 0-0 11. g4 Na6 12. 0-0-0 Nc5 13. g5 Nfd7 14. exd5 Qxg5 15. Kb1 cxd5 16. Qxd5 Qf6 17. Rhe1 Rad8 18. Ne4 Qb6 19. Bc4 Nxa4 20. Qb5 Qxb5 21. Bxb5 Nab6 22. Nd6 Nc5 23. Rxe5 Rxd6 24. Rxc5 Rd5 25. Rxd5 Nxd5 26. d4 Nc7 27. Bf1 Rd8 28. c3 Rd6 29. Kc2 Rf6 30. Rd2 Kf8 31. Re2 b5 32. Bg2 Ne6 33. Be4 Ng5 34. Bg2 Ne6 35. Bf1 g5 1/2-1/2

[Event "RA-2017-0-00507"]
[Site "LSS email"]
[Date "2017.03.11"]
[Round "?"]
[White "Daanen, Aard"]
[Black "Oliynyk, Valery"]
[Result "0-1"]
[WhiteElo "2172"]
[BlackElo "2349"]
[PlyCount "82"]
[EventDate "2017.02.13"]
[EventType "tourn (corr)"]
[EventRounds "6"]
[EventCountry "GER"]
[SourceTitle "Corr 2022"]
[Source "ChessBase"]
[SourceDate "2021.10.24"]
[SourceVersion "1"]
[SourceVersionDate "2021.10.24"]
[SourceQuality "1"]

1. d4 Nf6 2. c4 e6 3. Nf3 d5 4. Nc3 Be7 5. Bf4 0-0 6. e3 b6 7. Bd3 dxc4 8. Bxc4 Bb7 9. 0-0 a6 10. Qc2 Nbd7 11. Rfd1 Qc8 12. d5 exd5 13. Nxd5 Nxd5 14. Bxd5 Bxd5 15. Rxd5 Nf6 16. Rd2 c5 17. Rad1 Re8 18. h3 h6 19. Ne5 b5 20. Nd7 Ra7 21. Nxf6+ Bxf6 22. Bd6 c4 23. Bb4 c3 24. bxc3 a5 25. Bd6 Qxc3 26. Qf5 b4 27. Rd5 Qc8 28. Qd3 Qe6 29. f3 Rc8 30. e4 Raa8 31. Kh2 Rc3 32. Qf1 Bh4 33. Bf4 Rc2 34. R1d2 Rxd2 35. Bxd2 Qc6 36. Qd3 Rc8 37. Bf4 a4 38. Bd6 Qc1 39. Qd1 Qb2 40. Rd2 Qc3 41. Rd5 a3 0-1

[Event "RA-2017-0-00507"]
[Site "LSS email"]
[Date "2017.03.11"]
[Round "?"]
[White "Jarabinsky, Martin"]
[Black "Oliynyk, Valery"]
[Result "1/2-1/2"]
[WhiteElo "2215"]
[BlackElo "2349"]
[PlyCount "51"]
[EventDate "2017.02.13"]
[EventType "tourn (corr)"]
[EventRounds "6"]
[EventCountry "GER"]
[SourceTitle "Corr 2022"]
[Source "ChessBase"]
[SourceDate "2021.10.24"]
[SourceVersion "1"]
[SourceVersionDate "2021.10.24"]
[SourceQuality "1"]

1. e4 c5 2. Nf3 d6 3. d4 cxd4 4. Nxd4 Nf6 5. Nc3 a6 6. g3 g6 7. Bg2 Bg7 8. 0-0 0-0 9. h3 Nc6 10. Be3 Bd7 11. Nde2 b5 12. Nd5 Rb8 13. c3 Ne8 14. Nd4 a5 15. Nxc6 Bxc6 16. Ba7 Rb7 17. Bd4 b4 18. Bxg7 Nxg7 19. cxb4 Bxd5 20. exd5 Rxb4 21. b3 Qb6 22. Re1 Qa7 23. a3 Rb5 24. b4 axb4 25. Bf1 Ra5 26. axb4 1/2-1/2

[Event "RA-2017-0-00507"]
[Site "LSS email"]
[Date "2017.03.11"]
[Round "?"]
[White "Sciarretta, Robert W"]
[Black "Oliynyk, Valery"]
[Result "1/2-1/2"]
[WhiteElo "2198"]
[BlackElo "2349"]
[PlyCount "63"]
[EventDate "2017.02.13"]
[EventType "tourn (corr)"]
[EventRounds "6"]
[EventCountry "GER"]
[SourceTitle "Corr 2022"]
[Source "ChessBase"]
[SourceDate "2021.10.24"]
[SourceVersion "1"]
[SourceVersionDate "2021.10.24"]
[SourceQuality "1"]

1. d4 Nf6 2. c4 e6 3. Nf3 d5 4. Nc3 c6 5. Bg5 dxc4 6. e4 b5 7. a4 Qb6 8. Bxf6 gxf6 9. Be2 Bb7 10. 0-0 a6 11. d5 Nd7 12. dxe6 fxe6 13. Nd4 c5 14. Bh5+ Kd8 15. Nde2 Kc8 16. Be8 Qd8 17. Bxd7+ Qxd7 18. Qxd7+ Kxd7 19. axb5 Bd6 20. bxa6 Bxa6 21. f4 Bb7 22. Rad1 Kc6 23. Nb5 Be7 24. Na3 Ba6 25. Nc3 Rhb8 26. Rf2 Bd6 27. Ra1 Bc7 28. Nab1 Bb7 29. Rxa8 Bxa8 30. g3 Ba5 31. Rc2 Rd8 32. Nd2 1/2-1/2